000
00309nam a22001337a 4500
008
170928b xxu||||| |||| 00| 0 eng d
020
_a
9780138140823
041
_a
eng
080
_2
7 ED
_a
37
100
_a
47
101
_a
EDU
245
_a
GREATING LITERACY INSTRUCTOR
_c
GUNNING.TH.G
942
_2
udc
_c
BK
999
_c
30413
_d
30413